000 00768 a2200181 4500
020 _a0684860082
020 _a9780684860084
082 0 4 _a158
_bCOV
100 1 _aCovey, Stephen R.
_9346
245 1 4 _aThe 7 habits of highly effective families /
_cStephen R. Covey.
260 _a[S.l.] :
_bSimon & Schuster Ltd,
_c1997.
300 _a390 p. ;
_c24 cm.
500 _aPaperback.
520 _aPresents the reader with a holistic, integrated and principle-centred approach to creating a powerful and positive relationship within the family.
856 4 0 _3Amazon.com
_uhttp://www.amazon.com/exec/obidos/ASIN/0684860082/chopaconline-20
856 4 0 _3Amazon customer reviews
_uhttp://www.chopac.org/cgi-bin/tools/azrev.pl?q=0684860082
942 _aNBS
_cBK
_k649.1 COV
_2ddc
999 _c344336
_d344336